| 000 | 00983nam a2200217Ia 4500 | ||
|---|---|---|---|
| 999 |
_c38074 _d38074 |
||
| 001 | 4060 | ||
| 003 | GE_BSU | ||
| 005 | 20190926112021.0 | ||
| 008 | 181216s1974||||ge |||||||||||||| ||geo|| | ||
| 040 | _cGE_BSU | ||
| 041 | _ageo | ||
| 080 | _a391(479.22)+646(479.22) ბ–42 | ||
| 100 |
_aბეზარაშვილი, ც. _94329 |
||
| 245 |
_aქალის სამოსელი აღმოსავლეთ საქართველოს მთიანეთში : _bეთნოგრაფიული მასალების მიხედვით / _c რედ. გ. ჯალაბაძე. |
||
| 264 |
_aთბ. : _bმეცნიერება, _c1974. |
||
| 300 |
_a117გვ. : _bტაბ., _c25 სმ. |
||
| 520 | _aრეზ. რუს. და ინგლ. ენ. | ||
| 653 | _aქართული ტანსაცმელი | ||
| 700 |
_a ჯალაბაძე, გ. _eრედაქტორი _94330 |
||
| 942 |
_cBK _2udc |
||